[Event "Mondiale Lampo FIDE 2019"]
[Site "Mosca"]
[Date "29.12.2019"]
[Round "9.65"]
[White "Drygalov, Sergey"]
[Black "Pashikian, Arman"]
[Result "1-0"]
[WhiteTitle "IM"]
[BlackTitle "GM"]
[WhiteElo "2473"]
[BlackElo "2605"]
[WhiteFideId "24171743"]
[BlackFideId "13301578"]
[EventDate "2019.12.29"]

1. d4 Nf6 2. Nf3 d5 3. c4 e6 4. Nc3 Bb4 5. Qa4+ Nc6 6. e3 O-O 7. Qc2 b6 8. Bd2
Bd6 9. a3 Bb7 10. cxd5 exd5 11. Bd3 a6 12. O-O h6 13. b4 Re8 14. Ne2 Ne4 15. Ng3
Nxd2 16. Qxd2 Ne7 17. Bc2 Qd7 18. Qd3 g6 19. Ne5 Bxe5 20. dxe5 c5 21. f4 Bc8 22.
Rad1 Qb5 23. Qd2 Bg4 24. Rc1 Qd7 25. e4 d4 26. f5 d3 27. Bb3 gxf5 28. Qxh6 Qd4+
29. Kh1 Qxe5 30. exf5 Qg7 31. Qf4 Be2 32. f6 Qg6 33. fxe7 Bxf1 34. Rxf1 Rxe7 35.
Nf5 Re2 36. Bxf7+ 1-0

[Event "Mondiale Lampo FIDE 2019"]
[Site "Mosca"]
[Date "29.12.2019"]
[Round "9.66"]
[White "Sasikiran, Krishnan"]
[Black "Rozum, Ivan"]
[Result "1-0"]
[WhiteTitle "GM"]
[BlackTitle "GM"]
[WhiteElo "2656"]
[BlackElo "2573"]
[WhiteFideId "5004985"]
[BlackFideId "24104272"]
[EventDate "2019.12.29"]

1. e4 c6 2. d4 d5 3. e5 Bf5 4. Nd2 e6 5. Nb3 Nd7 6. Nf3 Qc7 7. Nh4 Be4 8. f3 Bg6
9. Nxg6 hxg6 10. f4 c5 11. c3 Ne7 12. Be3 Nf5 13. Bf2 cxd4 14. cxd4 Bb4+ 15. Nd2
Rc8 16. a3 Be7 17. Bd3 Bh4 18. Bxf5 Bxf2+ 19. Kxf2 gxf5 20. Rc1 Qxc1 21. Qxc1
Rxc1 22. Rxc1 Ke7 23. Nf3 Rb8 24. h3 f6 25. g4 fxg4 26. hxg4 Kd8 27. Rh1 Ke7 28.
Rc1 Kd8 29. Kg3 Rc8 30. Rxc8+ Kxc8 31. Kh4 Kd8 32. Kh5 Ke7 33. Kg6 Kf8 34. exf6
Nxf6 35. Ng5 Ke7 36. f5 exf5 37. gxf5 Ne8 38. Ne6 Nd6 39. Nxg7 Ne4 40. Nh5 Kf8
41. f6 Nd2 42. Nf4 1-0

[Event "Mondiale Lampo FIDE 2019"]
[Site "Mosca"]
[Date "29.12.2019"]
[Round "9.67"]
[White "Makarian, Rudik"]
[Black "Belov, Vladimir"]
[Result "0-1"]
[WhiteTitle "IM"]
[BlackTitle "GM"]
[WhiteElo "2397"]
[BlackElo "2598"]
[WhiteFideId "44105681"]
[BlackFideId "4132394"]
[EventDate "2019.12.29"]

1. Nf3 c5 2. c4 Nc6 3. Nc3 e5 4. g3 g6 5. Bg2 Bg7 6. O-O d6 7. a3 a5 8. Ne1 Be6
9. Nd5 Nge7 10. Nc2 O-O 11. d3 Rb8 12. Rb1 b5 13. cxb5 Nxd5 14. bxc6 Nc3 15. Bg5
Nxe2+ 16. Qxe2 Qxg5 17. b4 cxb4 18. axb4 a4 19. b5 Qd8 20. Rb4 Qa5 21. Qe1 a3
22. Nxa3 Qxa3 23. b6 Qa5 24. Qb1 e4 25. c7 Rb7 26. Rb5 Qa6 27. dxe4 Bd4 28. Rc1
Rxb6 29. Rxb6 Bxb6 30. Rc6 Bxf2+ 31. Kxf2 Qxc6 32. Qb8 Rc8 33. e5 Qc2+ 34. Kg1
Qxc7 0-1

[Event "Mondiale Lampo FIDE 2019"]
[Site "Mosca"]
[Date "29.12.2019"]
[Round "9.68"]
[White "Hansen, Eric"]
[Black "Triapishko, Alexandr"]
[Result "1-0"]
[WhiteTitle "GM"]
[BlackTitle "IM"]
[WhiteElo "2606"]
[BlackElo "2502"]
[WhiteFideId "2606771"]
[BlackFideId "14122286"]
[EventDate "2019.12.29"]

1. e4 c6 2. Nc3 d5 3. Nf3 Bg4 4. h3 Bxf3 5. Qxf3 e6 6. g3 Nf6 7. Bg2 Nbd7 8. d3
Bc5 9. a3 O-O 10. O-O a5 11. Qe2 dxe4 12. Nxe4 Nxe4 13. Bxe4 Nf6 14. Bf3 Qc7 15.
Kg2 Rfe8 16. Re1 h6 17. h4 Rad8 18. Bd2 a4 19. Rad1 b5 20. Bc1 Bd6 21. d4 e5 22.
dxe5 Rxe5 23. Qf1 Rde8 24. Rxe5 Bxe5 25. Qd3 h5 26. c3 g6 27. Bg5 Kg7 28. Qd2
Re6 29. Re1 Nd7 30. Re2 Nb6 31. Bh6+ Kh7 32. Bf8 Bg7 33. Bxg7 Kxg7 34. Rxe6 fxe6
35. Qd4+ Kf7 36. Qc5 Nd5 37. c4 bxc4 38. Qxc4 Qb6 39. Qxa4 Qxb2 40. Qa7+ Kf6 41.
a4 Qa2 42. a5 e5 43. Qc5 Ne7 44. Qd6+ Kf7 45. Qxe5 Qa3 46. Be2 Nd5 47. a6 Qa2
48. Qe4 Kf6 49. Bc4 Qa1 50. Qe8 Qa3 51. Qxc6+ 1-0

[Event "Mondiale Lampo FIDE 2019"]
[Site "Mosca"]
[Date "29.12.2019"]
[Round "9.69"]
[White "Kezin, Roman"]
[Black "Tregubov, Pavel V."]
[Result "1-0"]
[WhiteTitle "IM"]
[BlackTitle "GM"]
[WhiteElo "2470"]
[BlackElo "2588"]
[WhiteFideId "24124621"]
[BlackFideId "4115341"]
[EventDate "2019.12.29"]

1. d4 Nf6 2. c4 e6 3. g3 d5 4. Bg2 dxc4 5. Nf3 Nc6 6. O-O Rb8 7. Nc3 b5 8. Ne5
Nxe5 9. dxe5 Nd7 10. Qd4 Bc5 11. Qg4 g6 12. Rd1 O-O 13. Bh6 Re8 14. Ne4 Be7 15.
Qf4 Bb7 16. Rxd7 1-0

[Event "Mondiale Lampo FIDE 2019"]
[Site "Mosca"]
[Date "29.12.2019"]
[Round "9.70"]
[White "Sanal, Vahap"]
[Black "Studer, Noel"]
[Result "1-0"]
[WhiteTitle "GM"]
[BlackTitle "GM"]
[WhiteElo "2549"]
[BlackElo "2546"]
[WhiteFideId "6300545"]
[BlackFideId "1319620"]
[EventDate "2019.12.29"]

1. e4 e6 2. d4 d5 3. Nd2 c5 4. exd5 Qxd5 5. Ngf3 cxd4 6. Bc4 Qd7 7. O-O Nc6 8.
Qe2 a6 9. a4 Nf6 10. Nb3 Bd6 11. Rd1 e5 12. Nbxd4 Nxd4 13. Rxd4 Qe7 14. Rh4 Bf5
15. Bg5 O-O 16. Re1 Rae8 17. h3 e4 18. Nd4 Bg6 19. c3 h6 20. Bf4 Bc5 21. Bg3 Rd8
22. Qe3 Nd5 23. Qd2 Nb6 24. Bb3 Kh7 25. a5 Nd5 26. Kh1 f5 27. f3 e3 28. Qc1 f4
29. Bxd5 fxg3 30. Re4 Qc7 31. Ne6 Qd7 32. Nxf8+ Rxf8 33. Qd1 Rd8 34. Re5 Qc7 35.
f4 Bd6 36. Re6 Bf5 37. Be4 Bxe4 38. Rxe4 Bxf4 39. Qg4 Bg5 40. Qf5+ Kh8 41. h4
Bf6 42. R4xe3 Qc6 43. Qg6 Rg8 44. Re8 Qc4 45. Rxg8+ 1-0

[Event "Mondiale Lampo FIDE 2019"]
[Site "Mosca"]
[Date "29.12.2019"]
[Round "9.71"]
[White "Aravindh, Chithambaram VR."]
[Black "Rychagov, Andrey"]
[Result "1-0"]
[WhiteTitle "GM"]
[BlackTitle "GM"]
[WhiteElo "2605"]
[BlackElo "2545"]
[WhiteFideId "5072786"]
[BlackFideId "4119932"]
[EventDate "2019.12.29"]

1. Nf3 d5 2. Rg1 c5 3. g4 Nc6 4. c4 d4 5. d3 e5 6. Na3 Bd6 7. Nc2 Nf6 8. g5 Nh5
9. Nd2 h6 10. Ne4 hxg5 11. Bxg5 f6 12. Bd2 Bf5 13. e3 Be7 14. Qf3 Qd7 15. O-O-O
O-O-O 16. Kb1 g5 17. Bc1 g4 18. Qg2 Be6 19. Ng3 f5 20. e4 f4 21. Nf5 Rdg8 22. h3
gxh3 23. Qh2 Rxg1 24. Qxg1 Nf6 25. Be2 Bxf5 26. exf5 Qxf5 27. Bf3 Nd8 28. a3 Nf7
29. Qh1 Nd6 30. b4 e4 31. dxe4 Ndxe4 32. Re1 d3 33. Bxe4 Nxe4 34. Rxe4 dxc2+ 35.
Ka2 Bf6 36. Kb3 f3 37. Rf4 Qe5 38. Rxf3 h2 39. Re3 Qa1 40. Kxc2 Qa2+ 41. Kd3
Qb3+ 42. Ke2 Qxc4+ 43. Kd2 Bg5 44. Bb2 Bxe3+ 45. fxe3 Rd8+ 46. Ke1 Qh4+ 47. Ke2
Qg4+ 48. Kf2 Rd2+ 1-0

[Event "Mondiale Lampo FIDE 2019"]
[Site "Mosca"]
[Date "29.12.2019"]
[Round "9.72"]
[White "Kazakouski, Valery"]
[Black "Gasanov, Eldar"]
[Result "0-1"]
[WhiteTitle "IM"]
[BlackTitle "GM"]
[WhiteElo "2485"]
[BlackElo "2481"]
[WhiteFideId "13507443"]
[BlackFideId "14104466"]
[EventDate "2019.12.29"]

1. d4 Nf6 2. Nf3 b6 3. c4 e6 4. g3 Bb7 5. Bg2 Bb4+ 6. Bd2 a5 7. O-O O-O 8. Bf4
Be7 9. Qc2 Be4 10. Qc1 d6 11. Nc3 Bb7 12. Qc2 Nc6 13. Rad1 Nb4 14. Qb1 d5 15.
Ne5 c6 16. a3 Na6 17. e4 Nc7 18. Rfe1 b5 19. exd5 exd5 20. cxb5 cxb5 21. Rc1 b4
22. axb4 axb4 23. Ne2 Ne6 24. Be3 Qb6 25. Nf4 Rfe8 26. Nxe6 Qxe6 27. Bg5 Ne4 28.
Bxe7 Rxe7 29. f3 Qb6 30. Qd3 Rxe5 31. fxe4 Rae8 32. Qe3 R5e6 33. e5 f6 34. Bh3
R6e7 35. e6 Bc8 36. Qf2 Bxe6 37. Bg2 h6 38. Rc5 Bf7 39. Rxe7 Rxe7 40. Rc8+ Kh7
41. Bf1 Bg6 42. Rc5 Qd6 43. Qf3 Be4 44. Bd3 Qe6 45. Bxe4+ dxe4 46. Qe3 Qg4 47.
Rc1 f5 48. d5 Qg6 49. Rd1 Qd6 50. Rd2 Rd7 51. Qd4 Re7 52. Re2 Re5 53. Rd2 e3 54.
Re2 Re4 55. Qd3 Re5 56. Qd4 Qxd5 57. Qxd5 Rxd5 58. Rxe3 Rd1+ 59. Kf2 Rd2+ 60.
Re2 Rxe2+ 61. Kxe2 g5 62. Kd3 Kg6 63. Kc4 f4 64. gxf4 gxf4 0-1

[Event "Mondiale Lampo FIDE 2019"]
[Site "Mosca"]
[Date "29.12.2019"]
[Round "9.73"]
[White "Turov, Maxim"]
[Black "Murzin, Volodar"]
[Result "0-1"]
[WhiteTitle "GM"]
[BlackTitle "IM"]
[WhiteElo "2574"]
[BlackElo "2442"]
[WhiteFideId "4120086"]
[BlackFideId "44155573"]
[EventDate "2019.12.29"]

1. d4 d5 2. c4 c6 3. Nc3 dxc4 4. e3 b5 5. a4 b4 6. Ne4 Qd5 7. Nd2 c3 8. bxc3
bxc3 9. Nb1 Qa5 10. Qc2 Na6 11. Qxc3 Qxc3+ 12. Nxc3 Nb4 13. Rb1 a5 14. Bc4 Nf6
15. Nf3 e6 16. Ke2 Be7 17. Bd2 O-O 18. Rhc1 Bb7 19. Na2 c5 20. dxc5 Be4 21. Nxb4
axb4 22. Rxb4 Bxc5 23. Rb5 Be7 24. a5 Rfd8 25. Be1 Ne8 26. Rb3 Nd6 27. Bd3 Bd5
28. Rbb1 g5 29. g3 g4 30. Nd4 Bf6 31. Nb5 Bf3+ 32. Kf1 Ne4 33. Rb3 h5 34. Nd4
Bxd4 35. exd4 Rxd4 36. Be2 Ng5 37. h4 Bxe2+ 38. Kxe2 Nf3 39. Ra3 Ra6 40. Bc3 Rd5
41. Rb1 Rdd6 42. Rab3 Nd4+ 43. Bxd4 Rxd4 44. Rb8+ Kg7 45. R1b5 Ra4 46. Rg5+ Kf6
47. Rbb5 Rc6 48. Rxh5 Rc2+ 49. Kd3 Rxf2 50. Rh7 Rf3+ 51. Ke2 Ra2+ 52. Ke1 Rxg3
53. Kf1 Rc3 54. Rb1 Rxa5 55. Kg1 Ra2 56. Rf1+ Rf3 57. Rxf3+ gxf3 58. h5 e5 59.
Rh8 e4 60. h6 Kg6 61. Re8 f5 62. Re6+ Kh7 63. Kf1 Rh2 64. Re5 Rh5 65. Kf2 Kxh6
66. Re8 Kg5 67. Kg3 Rh6 68. Ra8 Rg6 69. Ra3 Kf6+ 70. Kf4 Rg4+ 71. Ke3 Kg5 72.
Ra2 Rg2 73. Ra8 Re2+ 0-1

[Event "Mondiale Lampo FIDE 2019"]
[Site "Mosca"]
[Date "29.12.2019"]
[Round "9.74"]
[White "Vokhidov, Shamsiddin"]
[Black "Atabayev, Maksat"]
[Result "1-0"]
[WhiteTitle "IM"]
[BlackTitle "GM"]
[WhiteElo "2526"]
[BlackElo "2475"]
[WhiteFideId "14204223"]
[BlackFideId "14001101"]
[EventDate "2019.12.29"]

1. e4 c5 2. Nf3 d6 3. d4 cxd4 4. Nxd4 Nf6 5. Nc3 Nc6 6. Bg5 Bd7 7. Qd2 Rc8 8. f4
Nxd4 9. Qxd4 Qa5 10. e5 dxe5 11. fxe5 e6 12. O-O-O Bc6 13. Nb5 Nd5 14. Qxa7 Qb4
15. Qd4 Qa5 16. Qa7 Qb4 17. Qd4 Qa5 18. a4 Bb4 19. Qa7 O-O 20. Qxa5 Bxa5 21. Kb1
Nb4 22. c3 Be4+ 23. Ka1 Nd5 24. Bd3 Bxg2 25. Rhg1 Bf3 26. Rdf1 Bh5 27. Nd6 Rb8
28. h4 Bc7 29. Bc4 Bxd6 30. exd6 f6 31. Bxd5 exd5 32. Bxf6 Bg6 33. Be7 Rxf1+ 34.
Rxf1 Ra8 35. d7 Rxa4+ 36. Ba3 Ra8 37. Rf8+ Rxf8 38. Bxf8 1-0

[Event "Mondiale Lampo FIDE 2019"]
[Site "Mosca"]
[Date "29.12.2019"]
[Round "9.75"]
[White "Jumabayev, Rinat"]
[Black "Gukesh, D"]
[Result "0-1"]
[WhiteTitle "GM"]
[BlackTitle "GM"]
[WhiteElo "2646"]
[BlackElo "2547"]
[WhiteFideId "13702661"]
[BlackFideId "46616543"]
[EventDate "2019.12.29"]

1. Nf3 Nf6 2. b3 d6 3. d4 g6 4. g3 Bg7 5. Bg2 c5 6. O-O O-O 7. Bb2 cxd4 8. Nxd4
d5 9. c4 e5 10. Nf3 e4 11. Nd4 e3 12. f4 dxc4 13. bxc4 Ng4 14. c5 Na6 15. c6 Nf2
16. Qa4 b5 17. c7 Nxc7 18. Qb4 Na6 19. Qc3 Bh3 20. Qxe3 Ng4 21. Qd2 Bxg2 22.
Kxg2 Re8 23. Rf3 Qd5 24. Kg1 Rad8 25. Rd3 Nc5 0-1

[Event "Mondiale Lampo FIDE 2019"]
[Site "Mosca"]
[Date "29.12.2019"]
[Round "9.76"]
[White "Tissir, Mohamed"]
[Black "Afanasiev, Nikita"]
[Result "0-1"]
[WhiteTitle "IM"]
[BlackTitle "IM"]
[WhiteElo "2379"]
[BlackElo "2517"]
[WhiteFideId "9000240"]
[BlackFideId "24183555"]
[EventDate "2019.12.29"]

1. e4 g6 2. d4 Bg7 3. Nf3 d6 4. Nc3 a6 5. a4 Nd7 6. Be3 b6 7. Bd3 Bb7 8. O-O e6
9. Qd2 h6 10. Ne2 Ne7 11. Ng3 c5 12. c3 Qc7 13. Rfe1 Rc8 14. Rad1 Qb8 15. h3 Qa8
16. b4 Rd8 17. Bc2 cxb4 18. cxb4 Rc8 19. Bd3 Nf6 20. Bf4 d5 21. e5 Ne4 22. Qe3
g5 23. Nh5 gxf4 24. Nxg7+ Kf8 25. Qxf4 Kxg7 26. Bxe4 dxe4 27. Qf6+ Kg8 28. Ng5
hxg5 29. Qxe7 Re8 30. Qxg5+ Kf8 31. Re3 Qd8 32. Qf4 Qh4 33. Qh2 Rc8 34. Rf1 Ke7
35. b5 a5 36. Rg3 Qf4 37. Re1 Bd5 38. Rf1 Rc4 39. Re1 Rhc8 40. Rf1 Rc1 0-1

[Event "Mondiale Lampo FIDE 2019"]
[Site "Mosca"]
[Date "29.12.2019"]
[Round "9.77"]
[White "Yilmaz, Mustafa"]
[Black "Tran, Tuan Minh"]
[Result "1-0"]
[WhiteTitle "GM"]
[BlackTitle "GM"]
[WhiteElo "2604"]
[BlackElo "2529"]
[WhiteFideId "6302718"]
[BlackFideId "12401820"]
[EventDate "2019.12.29"]

1. e4 c5 2. Nf3 d6 3. d4 cxd4 4. Nxd4 Nf6 5. Nc3 a6 6. h3 e5 7. Nb3 Be6 8. Be3
Nbd7 9. g4 Nb6 10. g5 Nfd7 11. h4 Rc8 12. Qd2 Be7 13. O-O-O Nc4 14. Bxc4 Rxc4
15. f4 exf4 16. Bxf4 Ne5 17. Nd4 O-O 18. Nf5 Rc6 19. Nd5 Bxd5 20. exd5 Nc4 21.
Qd4 1-0

[Event "Mondiale Lampo FIDE 2019"]
[Site "Mosca"]
[Date "29.12.2019"]
[Round "9.78"]
[White "Geller, Jakov"]
[Black "Bologan, Victor"]
[Result "0-1"]
[WhiteTitle "GM"]
[BlackTitle "GM"]
[WhiteElo "2521"]
[BlackElo "2574"]
[WhiteFideId "4151984"]
[BlackFideId "13900048"]
[EventDate "2019.12.29"]

1. e4 d6 2. d4 Nf6 3. Nc3 e5 4. Nf3 Nbd7 5. Bc4 Be7 6. O-O O-O 7. a4 c6 8. Re1
exd4 9. Nxd4 Nc5 10. Bf1 a5 11. h3 Re8 12. Bf4 Qb6 13. b3 Bd7 14. Qd2 Bf8 15. f3
Rad8 16. Bg5 Be7 17. Be3 Qb4 18. Rad1 Bc8 19. Nce2 Qxd2 20. Rxd2 d5 21. e5 Nfd7
22. f4 Ne4 23. Rdd1 Bb4 24. g3 Ndc5 25. Bg2 f6 26. Rf1 fxe5 27. fxe5 Rxe5 28.
Bf4 Ree8 29. Rf3 Ne6 30. Nxe6 Bxe6 31. c3 Bc5+ 32. Nd4 Bf7 33. Bc7 Ra8 34. Kh2
Bg6 35. h4 Bh5 36. Rdf1 Bxf3 37. Rxf3 Bd6 38. Bb6 Rf8 39. Rxf8+ Rxf8 40. Ne6 Re8
41. Nf4 Nxc3 42. Bxa5 Ne2 0-1

[Event "Mondiale Lampo FIDE 2019"]
[Site "Mosca"]
[Date "29.12.2019"]
[Round "9.79"]
[White "Castellanos Rodriguez, Renier"]
[Black "Gundavaa, Bayarsaikhan"]
[Result "1-0"]
[WhiteTitle "IM"]
[BlackTitle "GM"]
[WhiteElo "2474"]
[BlackElo "2489"]
[WhiteFideId "3404650"]
[BlackFideId "4901045"]
[EventDate "2019.12.29"]

1. e4 c5 2. Nf3 d6 3. d4 cxd4 4. Qxd4 Nc6 5. Bb5 Bd7 6. Qd3 g6 7. O-O Bg7 8. c4
Nf6 9. Nc3 O-O 10. h3 a6 11. Bxc6 Bxc6 12. Nd4 Nd7 13. Be3 Rc8 14. Rac1 Nc5 15.
Qc2 Bd7 16. Rfd1 Ne6 17. Qb3 Nc5 18. Qa3 f5 19. exf5 gxf5 20. Nde2 Ne6 21. Nd5
Bc6 22. Ndf4 Nxf4 23. Nxf4 Qe8 24. Qb3 e5 25. c5+ Qf7 26. Qxf7+ Kxf7 27. Nh5 d5
28. Nxg7 Kxg7 29. f4 d4 30. Bf2 Be4 31. fxe5 d3 32. Bh4 Kf7 33. b4 Ke6 34. Bf6
Rg8 35. Rd2 Rg3 36. Bh4 Rg7 37. g3 Kxe5 38. Kf2 Rd7 39. Bg5 Kd5 40. Bf4 Kc6 41.
a4 h5 42. Ke3 Re8 43. Kf2 Rh7 44. h4 Rd7 45. Rb2 Kd5 46. b5 axb5 47. axb5 Rc8
48. Be3 Rdc7 49. Rb4 Ra8 50. Rd4+ Ke6 51. Rd6+ Kf7 52. Bf4 Ra2+ 53. Ke3 Rc2 54.
Rxc2 dxc2 55. Kd4 Rc8 56. Rd7+ Ke6 57. Rd6+ Kf7 58. Rh6 Ra8 59. c6 bxc6 60. bxc6
Ra4+ 61. Kc5 Ra3 62. Kd6 Rc3 63. Rh7+ Kg6 64. Rh6+ Kg7 65. c7 Rc6+ 66. Kd7 Rxc7+
67. Kxc7 1-0

[Event "Mondiale Lampo FIDE 2019"]
[Site "Mosca"]
[Date "29.12.2019"]
[Round "9.80"]
[White "Laznicka, Viktor"]
[Black "Kim, Alexey"]
[Result "1-0"]
[WhiteTitle "GM"]
[BlackTitle "GM"]
[WhiteElo "2648"]
[BlackElo "2464"]
[WhiteFideId "316385"]
[BlackFideId "4129776"]
[EventDate "2019.12.29"]

1. c4 e6 2. Nf3 d5 3. g3 Nf6 4. Bg2 Be7 5. O-O O-O 6. d4 c6 7. Qc2 b6 8. Rd1 Ba6
9. b3 Nbd7 10. Bf4 Rc8 11. Nc3 c5 12. cxd5 cxd4 13. Nxd4 Nxd5 14. Bxd5 exd5 15.
Qb2 Nf6 16. Nf5 d4 17. Rxd4 Qe8 18. Ra4 Bb7 19. Rxa7 Bb4 20. Nd1 Qc6 21. Rxb7
Qxb7 22. Bd6 Bxd6 23. Nxd6 Qd5 24. Nxc8 Rxc8 25. Ne3 Qc5 26. Rd1 Ne4 27. Qd4
Qxd4 28. Rxd4 Nc3 29. Rd2 Ra8 30. a4 h5 31. Nd5 Ne4 32. Rd4 Nc5 33. Rb4 Re8 34.
Kf1 Rd8 35. Nxb6 Rd1+ 36. Kg2 Rd2 37. Rb5 Ne4 38. Kf3 Nc3 39. Re5 Rb2 40. Re3
Nd1 41. Rd3 Rb1 42. a5 Nb2 43. Rd8+ Kh7 44. b4 Ra1 45. Rd2 Nd1 46. Rc2 Ra3+ 47.
Ke4 Nxf2+ 48. Kd4 Ng4 49. Nc4 Ra4 50. Kc5 Nf6 51. Kb5 Ra1 52. a6 Nd5 53. Na5 Rb1
54. Rc4 Ne3 55. a7 Nxc4 56. Nxc4 1-0

[Event "Mondiale Lampo FIDE 2019"]
[Site "Mosca"]
[Date "29.12.2019"]
[Round "9.81"]
[White "Kazhgaleyev, Murtas"]
[Black "Potapov, Pavel"]
[Result "0-1"]
[WhiteTitle "GM"]
[BlackTitle "GM"]
[WhiteElo "2569"]
[BlackElo "2482"]
[WhiteFideId "13700316"]
[BlackFideId "4169786"]
[EventDate "2019.12.29"]

1. d4 f5 2. c4 Nf6 3. Nf3 g6 4. e3 Bg7 5. b4 O-O 6. Be2 d6 7. Bb2 a5 8. b5 e6 9.
O-O Qe7 10. Nc3 b6 11. a4 Bb7 12. c5 bxc5 13. dxc5 dxc5 14. Qb3 Nbd7 15. Bc4
Rfe8 16. Ng5 Nf8 17. Ne2 h6 18. Nf3 Bxf3 19. gxf3 g5 20. Rac1 Kh8 21. f4 Ne4 22.
Rc2 Ng6 23. f3 Nd6 24. Ba3 gxf4 25. Bxc5 fxe3 26. Kh1 Ne5 27. Rd1 Qh4 28. Rd4
Qe1+ 29. Ng1 Nxf3 30. Rg2 Bxd4 31. Bxd4+ Nxd4 32. Qb2 e5 33. Rg6 Nxc4 34. Qg2
Qh4 35. Qd5 Rg8 36. Rxg8+ Rxg8 0-1

[Event "Mondiale Lampo FIDE 2019"]
[Site "Mosca"]
[Date "29.12.2019"]
[Round "9.82"]
[White "Potkin, Vladimir"]
[Black "Atabayev, Saparmyrat"]
[Result "1-0"]
[WhiteTitle "GM"]
[BlackTitle "IM"]
[WhiteElo "2583"]
[BlackElo "2425"]
[WhiteFideId "4131061"]
[BlackFideId "14000571"]
[EventDate "2019.12.29"]

1. d4 Nf6 2. c4 e6 3. Nf3 d5 4. Nc3 Be7 5. Bf4 O-O 6. e3 a6 7. c5 Nc6 8. Bd3 h6
9. h3 b6 10. cxb6 cxb6 11. Rc1 Bd6 12. O-O Bxf4 13. exf4 Qd6 14. Qd2 Bb7 15.
Rfe1 Rac8 16. f5 Rfe8 17. fxe6 Rxe6 18. Rxe6 Qxe6 19. Re1 Qd6 20. Qe2 Nb4 21.
Bf5 Rd8 22. a3 Nc6 23. b4 g6 24. Bd3 Re8 25. Qd2 Rxe1+ 26. Qxe1 a5 27. b5 Nd8
28. Qe5 Qxe5 29. Nxe5 Ne6 30. Na4 Nxd4 31. Nxb6 Ne8 32. Nbd7 Nd6 33. Nc5 Kf8 34.
a4 h5 35. f3 Bc8 36. Kf2 Nb7 37. Nxb7 Bxb7 38. Nd7+ Ke7 39. Nc5 Bc8 40. Ke3 Ne6
41. Nb3 Kd6 42. Nxa5 d4+ 43. Kd2 Nc5 44. Nc4+ Ke7 45. a5 Be6 46. a6 Bd5 1-0

[Event "Mondiale Lampo FIDE 2019"]
[Site "Mosca"]
[Date "29.12.2019"]
[Round "9.83"]
[White "Dragnev, Valentin"]
[Black "Baron, Tal"]
[Result "1-0"]
[WhiteTitle "GM"]
[BlackTitle "GM"]
[WhiteElo "2553"]
[BlackElo "2541"]
[WhiteFideId "1634852"]
[BlackFideId "2809958"]
[EventDate "2019.12.29"]

1. d4 Nf6 2. c4 g6 3. Nc3 d5 4. cxd5 Nxd5 5. e4 Nxc3 6. bxc3 Bg7 7. Be3 c5 8.
Rc1 O-O 9. Nf3 Bg4 10. Be2 cxd4 11. cxd4 Qa5+ 12. Qd2 Qxd2+ 13. Nxd2 Bxe2 14.
Kxe2 e6 15. Rc7 Nc6 16. Nf3 Rfd8 17. Rb1 Nxd4+ 18. Bxd4 Bxd4 19. Rbxb7 Bb6 20.
Rxf7 Rac8 21. Ne1 h5 22. Rg7+ Kf8 23. Rxg6 Rc4 24. Rf6+ Kg8 25. Rg6+ Kf8 26.
Rf6+ Kg8 27. Rxe6 Ra4 28. Rc6 Rxe4+ 29. Kf1 Ba5 30. Rc1 Bb6 31. Nf3 Ra4 32. Re7
Rxa2 33. Re2 Ra5 34. h3 Rf5 35. Ra1 a5 36. Rb2 Bc7 37. Rb7 Bf4 38. Ra7 Rdd5 39.
Re1 Rf8 40. g3 Bxg3 41. Kg2 Bb8 42. Rb7 Rd6 43. Nh4 Rfd8 44. Ree7 Rd4 45. Rg7+ 1-0

[Event "Mondiale Lampo FIDE 2019"]
[Site "Mosca"]
[Date "29.12.2019"]
[Round "9.84"]
[White "Vishnu Prasanna, V"]
[Black "Lobanov, Sergei"]
[Result "1/2-1/2"]
[WhiteTitle "GM"]
[BlackTitle "IM"]
[WhiteElo "2493"]
[BlackElo "2504"]
[WhiteFideId "5030692"]
[BlackFideId "24183750"]
[EventDate "2019.12.29"]

1. c4 e5 2. g3 Nf6 3. Nc3 Bb4 4. Bg2 O-O 5. d3 Nc6 6. Bd2 Re8 7. Nf3 d5 8. cxd5
Nxd5 9. O-O Nxc3 10. bxc3 Bf8 11. Rb1 h6 12. Be3 Rb8 13. Nd2 Bd7 14. Ne4 b6 15.
Nd2 Na5 16. Qc2 c5 17. Nc4 Nxc4 18. dxc4 Be6 19. Rbd1 Qc7 20. Bd5 b5 21. Qe4 b4
22. cxb4 cxb4 23. c5 a5 24. Bxe6 Rxe6 25. Rd5 a4 26. Rfd1 Qc6 27. Qc4 b3 28.
axb3 axb3 29. Rd8 Re8 30. Rxe8 Qxe8 31. c6 b2 32. c7 Rc8 33. Bb6 Qd7 34. Qb3 Qc6
35. Qxb2 Bd6 36. Rc1 Qb7 37. Qb1 Bxc7 1/2-1/2

[Event "Mondiale Lampo FIDE 2019"]
[Site "Mosca"]
[Date "29.12.2019"]
[Round "9.85"]
[White "Tsvetkov, Andrey"]
[Black "Moiseenko, Vadim"]
[Result "0-1"]
[WhiteTitle "FM"]
[BlackTitle "GM"]
[WhiteElo "2350"]
[BlackElo "2526"]
[WhiteFideId "34139360"]
[BlackFideId "4123700"]
[EventDate "2019.12.29"]

1. d4 Nf6 2. c4 g6 3. Nc3 Bg7 4. e4 d6 5. Be2 O-O 6. Be3 c5 7. e5 Ne8 8. exd6
Nxd6 9. dxc5 Nf5 10. Bf4 Qa5 11. Nf3 Rd8 12. Qc2 Nc6 13. O-O Nfd4 14. Nxd4 Nxd4
15. Qe4 Qxc5 16. Rfd1 Bd7 17. Be3 Bc6 18. Qh4 Nxe2+ 19. Nxe2 Qb4 20. Rxd8+ Rxd8
21. Rf1 Qxb2 22. Nf4 Qe5 23. Qg4 Qe4 24. Qg3 Be5 25. Qg5 f6 26. Qg4 g5 27. Qe6+
Kf8 28. Bc5 Bxf4 29. Bxe7+ Ke8 30. Qxe4 Bxe4 31. Bxd8 Kxd8 32. Re1 Bc6 33. g3
Be5 34. h4 gxh4 35. gxh4 Kd7 36. Re3 Kd6 37. Rd3+ Kc5 38. Rd8 Kxc4 39. Rh8 Be4
40. f3 Bf5 41. Kf2 a5 42. Ke3 b5 43. f4 Bd4+ 44. Kd2 a4 45. Rd8 b4 46. h5 b3 47.
axb3+ axb3 48. Rb8 b2 0-1

[Event "Mondiale Lampo FIDE 2019"]
[Site "Mosca"]
[Date "29.12.2019"]
[Round "9.86"]
[White "Makoveev, Ilya"]
[Black "Reshetnikov, Alexey"]
[Result "0-1"]
[WhiteTitle "FM"]
[BlackTitle "IM"]
[WhiteElo "2277"]
[BlackElo "2492"]
[WhiteFideId "34155748"]
[BlackFideId "4162080"]
[EventDate "2019.12.29"]

1. e4 c5 2. Nf3 Nc6 3. d4 cxd4 4. Nxd4 e6 5. Nc3 Qc7 6. g3 a6 7. Bg2 Nf6 8. O-O
Bc5 9. Be3 Ne5 10. Qe2 d6 11. Rad1 O-O 12. h3 Bd7 13. f4 Nc6 14. Kh2 Rfd8 15.
Qf2 Nxd4 16. Bxd4 Bxd4 17. Qxd4 Bc6 18. Rd2 b5 19. Rfd1 Qb7 20. a3 a5 21. e5 Ne8
22. Ne4 Bxe4 23. Bxe4 d5 24. Bg2 g6 25. g4 Rac8 26. b3 Qc7 27. f5 Nf6 28. Kh1
Nd7 29. Re2 Qb6 30. Qf4 Rc3 31. f6 Qc5 32. Rf2 Rc8 33. Rdd2 Qxa3 34. Qh6 Qf8 35.
Qf4 a4 36. bxa4 R3c4 37. Rd4 bxa4 38. Rf3 Rxd4 39. Qxd4 Rc4 40. Qb2 Qb8 41.
Qxb8+ Nxb8 42. Ra3 Nd7 43. Bf1 Rf4 44. Bb5 Nxe5 45. Rxa4 Rxf6 46. Kg2 g5 47. c4
dxc4 48. Bxc4 Nxc4 49. Rxc4 Kg7 50. Kg3 Rf1 51. Rc7 Ra1 52. Rd7 h6 53. Rb7 Ra3+
54. Kg2 Kg6 55. Rc7 Ra6 56. Rc3 f5 57. Rc8 Ra2+ 58. Kf3 Ra3+ 59. Kg2 f4 60. Rc6
Re3 61. Ra6 h5 62. Ra5 hxg4 63. hxg4 Rg3+ 0-1